Дело о службе музыканта Исаака Ершова

Доступно только в Электронных читальных залах Найти на картеНа карте
RUSMARC
00003908nmc2a22000003x 450
0017a7791fb-0266-4e9c-b7a1-e56798b2b38f
00520181004224125.0
100##$a20161215l18161829k l0rusy0189 ca
1010#$arus
102##$aRU
2001#$aДело о службе музыканта Исаака Ершова
$j1 февраля 1816 г. - 28 марта 1829 г.
251##$cДело
300##$aДело
300##$aОриг. заголовок дела: Дело об увольнении музыканта Исаака Ершова. 1 февраля 1816 г. - 28 марта 1829 г
801#0$aRU
$bРГИА
$c20161215
$gRCR
801#1$aRU
$bГлавНИВЦ
$c20161215
$2rusmarc
801#2$aRU
$bПБ им. Б.Н. Ельцина
$c20181004
$gRCR
$2rusmarc
850##$aРГИА
852##$aРГИА
$eФедеральное казенное учреждение "Российский государственный исторический архив" (РГИА)
$j1458
937##$hРГИА
$d12236275
$aASBIBLIO_SCAN
462#0$1001dd3991dc-24e1-42ec-8838-ca4255420416
$12001
$a1746-1850 гг.
$1251
$cОпись
$1852
$j1
461#0$10019264ebf8-de62-4f1a-9eb4-9f22098dbbd5
$12001
$aДирекция императорских театров МИДв
$1251
$cФонд
$1852
$j497
215##$a42 л.
$d36,5х26 см
371##$aДокумент не является опубликованным и широко распространяемым
5171#$aДело об увольнении музыканта Исаака Ершова. 1 февраля 1816 г. - 28 марта 1829 г
105##$ay###
1222#$ad
035##$a7a7791fb-0266-4e9c-b7a1-e56798b2b38f
856##$uhttp://readingroom.main.prlib.ru/item.aspx?id_node=n118913688&mode=full
Формат отображения